<?xml version="1.0" encoding="UTF-8"?>
<marc:record xmlns:marc="http://www.loc.gov/MARC21/slim">
   <marc:leader>00000nam a2200000 a 4500</marc:leader>
   <marc:datafield ind1=" " ind2=" " tag="653">
      <marc:subfield code="a">Hundertundeine Nacht</marc:subfield>
   </marc:datafield>
   <marc:datafield ind1="0" ind2="0" tag="245">
      <marc:subfield code="a">101 Nacht (CD)</marc:subfield>
   </marc:datafield>
   <marc:datafield ind1=" " ind2="1" tag="264">
      <marc:subfield code="b">Der  HörVerlag</marc:subfield>
      <marc:subfield code="c">2012</marc:subfield>
   </marc:datafield>
   <marc:datafield ind1="1" ind2=" " tag="520">
      <marc:subfield code="a">Szenische Lesung mit Musik der aus Andalusien stammenden arabischen Märchensammlung, in der Schahrazad in 101 Nächten dem König Geschichten erzählt, die ihn so fesseln, dass sie in der nächsten Nacht weiter erzählen soll und so ihr Leben rettet. Kleine Schwester aus 1001 Nacht.</marc:subfield>
   </marc:datafield>
   <marc:datafield ind1="3" ind2=" " tag="024">
      <marc:subfield code="a">9783867178822</marc:subfield>
   </marc:datafield>
</marc:record>
